00213nam a22000977a 4500040000700000082000800007100000700015245007100022260001500093300000700108 cHS a399 aNA aGenetic improvement of forest trees through selection and breeding aNAbNAcNA aNA